[Event "Riga Tech op-A"]
[Site "Riga"]
[Date "2023.08.11"]
[Round "7"]
[White "Senthil, Maran K"]
[Black "Loy, Konstantin"]
[Result "0-1"]
[WhiteElo "2390"]
[BlackElo "2230"]
[PlyCount "138"]
[EventDate "2023.08.07"]
[EventType "swiss"]
[EventRounds "9"]
[EventCountry "LAT"]
[SourceTitle "CBM 215 Extra"]
[Source "ChessBase"]
[SourceDate "2023.09.30"]
[SourceVersion "1"]
[SourceVersionDate "2023.09.30"]
[SourceQuality "1"]

1. g3 e5 2. c4 d6 3. Bg2 f5 4. Nc3 Nf6 5. d4 Be7 6. dxe5 dxe5 7. Qxd8+ Bxd8 8. Bg5 h6 9. Bxf6 Bxf6 10. Nd5 Bd8 11. Nf3 c6 12. Ne3 Ba5+ 13. Kf1 Bc7 14. Nh4 f4 15. Nd1 0-0 16. Ng6 Rf7 17. Nc3 Bf5 18. Be4 Bh3+ 19. Bg2 Bf5 20. Be4 Bh3+ 21. Ke1 Nd7 22. Nh4 g5 23. Nf3 Nf6 24. Nd2 Ba5 25. Bc2 Rd8 26. Nb3 Bxc3+ 27. bxc3 Be6 28. c5 b6 29. Rd1 Rfd7 30. Rxd7 Rxd7 31. f3 Nd5 32. h4 fxg3 33. hxg5 g2 34. Rg1 Ne3 35. Bd3 e4 36. Kf2 Bxb3 37. Kxe3 exd3 38. exd3 Bxa2 39. Rxg2 Be6 40. gxh6+ Kh7 41. cxb6 axb6 42. c4 b5 43. cxb5 cxb5 44. Rg5 Rb7 45. Kd2 Kxh6 46. Re5 Bf7 47. Kc3 b4+ 48. Kb2 b3 49. d4 Kg6 50. d5 Rb5 51. f4 Bxd5 52. Rg5+ Kf6 53. Re5 Rc5 54. Kb1 Kf7 55. Kb2 Rc2+ 56. Kb1 Rd2 57. Kc1 Rd3 58. Kb2 Kf6 59. Kc1 Bf7 60. Rb5 Rd4 61. f5 Rf4 62. Kb2 Rxf5 63. Rb6+ Be6 64. Ka1 Ke5 65. Kb2 Bd5 66. Ka1 Kd4 67. Rb5 Rf1+ 68. Kb2 Rf2+ 69. Kc1 Bc4 0-1

[Event "Riga Tech Rapid op"]
[Site "Riga"]
[Date "2023.08.06"]
[Round "9"]
[White "Loy, Konstantin"]
[Black "Eliseev, Sergey1111"]
[Result "1-0"]
[WhiteElo "2230"]
[BlackElo "2106"]
[PlyCount "121"]
[EventDate "2023.08.06"]
[EventType "swiss (rapid)"]
[EventRounds "9"]
[EventCountry "LAT"]
[SourceTitle "CBM 215 Extra"]
[Source "ChessBase"]
[SourceDate "2023.09.30"]
[SourceVersion "1"]
[SourceVersionDate "2023.09.30"]
[SourceQuality "1"]

1. e4 e5 2. Nf3 Nc6 3. d4 exd4 4. Nxd4 Nf6 5. Nxc6 bxc6 6. Bd3 d6 7. 0-0 Be7 8. Nc3 0-0 9. f4 Nd7 10. Be3 Bf6 11. Qf3 Rb8 12. Rab1 c5 13. Bd2 Bd4+ 14. Kh1 Nf6 15. b3 Ng4 16. Qg3 f5 17. Rbe1 Bb7 18. Bc4+ Kh8 19. Bd5 Qf6 20. Bxb7 Rxb7 21. Nd5 Qf7 22. c4 c6 23. Nc3 Re7 24. h3 Nf6 25. exf5 Bxc3 26. Bxc3 Ne4 27. Qf3 Nxc3 28. Qxc3 Rxe1 29. Qxe1 Qxf5 30. Qe7 Qf6 31. Qxf6 Rxf6 32. g4 Kg8 33. Kg2 Re6 34. Kf3 d5 35. f5 Re8 36. cxd5 cxd5 37. Rc1 Rc8 38. b4 c4 39. Ke3 a5 40. a3 axb4 41. axb4 Rb8 42. Kd4 Rxb4 43. Kxd5 Rb3 44. h4 Rh3 45. Rxc4 Rxh4 46. Ke6 h5 47. Rc8+ Kh7 48. g5 Ra4 49. Rc6 Ra1 50. f6 gxf6 51. gxf6 Kg6 52. Ke7 Re1+ 53. Kf8 Ra1 54. f7+ Kh7 55. Rc7 Re1 56. Re7 Rf1 57. Ke8 Kg6 58. f8Q Rxf8+ 59. Kxf8 h4 60. Re5 Kf6 61. Rh5 1-0

[Event "Riga Tech Rapid op"]
[Site "Riga"]
[Date "2023.08.06"]
[Round "6"]
[White "Loy, Konstantin"]
[Black "Mons, Leon"]
[Result "0-1"]
[WhiteElo "2230"]
[BlackElo "2519"]
[PlyCount "46"]
[EventDate "2023.08.06"]
[EventType "swiss (rapid)"]
[EventRounds "9"]
[EventCountry "LAT"]
[SourceTitle "CBM 215 Extra"]
[Source "ChessBase"]
[SourceDate "2023.09.30"]
[SourceVersion "1"]
[SourceVersionDate "2023.09.30"]
[SourceQuality "1"]

1. e4 e5 2. Nf3 Nc6 3. d4 exd4 4. Nxd4 Nf6 5. Nxc6 bxc6 6. Bd3 d5 7. e5 Ng4 8. 0-0 Bc5 9. Qe2 Qh4 10. h3 h5 11. Nd2 Be6 12. Nf3 Qg3 13. b4 Bb6 14. a4 a6 15. Bd2 f6 16. exf6 Kd7 17. fxg7 Nxf2 18. gxh8Q Rxh8 19. Rxf2 Bxh3 20. Ne5+ Kc8 21. Bxa6+ Kb8 22. Nxc6+ Ka8 23. Re1 Qxg2# 0-1

[Event "Riga Tech op 11th"]
[Site "Riga"]
[Date "2022.08.20"]
[Round "8"]
[White "Rakshitta, Ravi"]
[Black "Loy, Konstantin"]
[Result "1-0"]
[WhiteElo "2111"]
[BlackElo "2268"]
[PlyCount "71"]
[EventDate "2022.08.15"]
[EventType "swiss"]
[EventRounds "9"]
[EventCountry "LAT"]
[SourceTitle "CBM 209 Extra"]
[Source "ChessBase"]
[SourceDate "2022.09.30"]
[SourceVersion "1"]
[SourceVersionDate "2022.09.30"]
[SourceQuality "1"]

1. e4 c5 2. Nf3 d6 3. d4 cxd4 4. Nxd4 Nf6 5. Nc3 g6 6. Be3 Bg7 7. f3 0-0 8. Qd2 Nc6 9. 0-0-0 d5 10. Qe1 e5 11. Nxc6 bxc6 12. exd5 Nxd5 13. Bc4 Be6 14. Kb1 Nxc3+ 15. Qxc3 Qe7 16. Bb3 Bxb3 17. axb3 Rfc8 18. Bc5 Qb7 19. h4 a5 20. h5 a4 21. hxg6 hxg6 22. f4 axb3 23. Qh3 bxc2+ 24. Kxc2 f5 25. Rd6 Rcb8 26. Qh7+ Kf7 27. Qxg6+ Kg8 28. Qh7+ Kf7 29. Qxf5+ Kg8 30. Qh7+ Kf7 31. Rf6+ Kxf6 32. fxe5+ Kf7 33. Rf1+ Ke6 34. Qg6+ Kd5 35. Qd6+ Kc4 36. Qd4+ 1-0

[Event "Riga Tech Rapid op"]
[Site "Riga"]
[Date "2022.08.14"]
[Round "8"]
[White "Kuznecova, Marija"]
[Black "Loy, Konstantin"]
[Result "0-1"]
[WhiteElo "1865"]
[BlackElo "2268"]
[PlyCount "68"]
[EventDate "2022.08.14"]
[EventType "swiss (rapid)"]
[EventRounds "9"]
[EventCountry "LAT"]
[SourceTitle "CBM 209 Extra"]
[Source "ChessBase"]
[SourceDate "2022.09.30"]
[SourceVersion "1"]
[SourceVersionDate "2022.09.30"]
[SourceQuality "1"]

1. e4 c5 2. Nf3 d6 3. d4 cxd4 4. Nxd4 Nf6 5. Nc3 g6 6. Be3 Bg7 7. f3 0-0 8. Qd2 Nc6 9. 0-0-0 Bd7 10. g4 Rc8 11. h4 Ne5 12. h5 Qa5 13. hxg6 fxg6 14. Kb1 Nxf3 15. Nxf3 Bxg4 16. Be2 Rxc3 17. Qxc3 Qxc3 18. bxc3 Nxe4 19. Bd4 Bxf3 20. Bxf3 Rxf3 21. Bxg7 Kxg7 22. Rde1 Nxc3+ 23. Kb2 Na4+ 24. Kc1 Rf7 25. Re4 Nc5 26. Reh4 h5 27. Rg1 Kh6 28. Rgh1 Ne6 29. Kd2 Nf4 30. Rf1 e5 31. Rh2 g5 32. Rhf2 g4 33. Rg1 Kg5 34. Rh2 h4 0-1

[Event "Riga Tech Rapid op"]
[Site "Riga"]
[Date "2022.08.14"]
[Round "5"]
[White "Loy, Konstantin"]
[Black "Krivonosov, Oleg"]
[Result "0-1"]
[WhiteElo "2268"]
[BlackElo "2375"]
[PlyCount "154"]
[EventDate "2022.08.14"]
[EventType "swiss (rapid)"]
[EventRounds "9"]
[EventCountry "LAT"]
[SourceTitle "CBM 209 Extra"]
[Source "ChessBase"]
[SourceDate "2022.09.30"]
[SourceVersion "1"]
[SourceVersionDate "2022.09.30"]
[SourceQuality "1"]

1. e4 e5 2. Nf3 Nc6 3. d4 exd4 4. Nxd4 Bb4+ 5. c3 Bc5 6. Be3 Bb6 7. Bc4 Nge7 8. 0-0 0-0 9. Nc2 d6 10. Bxb6 axb6 11. Ne3 Kh8 12. Na3 f5 13. exf5 Nxf5 14. Nxf5 Bxf5 15. Nc2 Ne5 16. Be2 Bxc2 17. Qxc2 Qf6 18. f4 Ng6 19. g3 d5 20. Bd3 Rfe8 21. Bxg6 Qxg6 22. Qxg6 hxg6 23. Kf2 Kg8 24. a3 Kf7 25. Rfe1 c6 26. Rxe8 Rxe8 27. Re1 Rd8 28. Kf3 d4 29. Rd1 dxc3 30. Rb1 c2 31. Rc1 Rd2 32. h4 Ke6 33. Ke4 Rg2 34. Kf3 Rh2 35. Ke4 b5 36. Rg1 Re2+ 37. Kd3 Rg2 38. Re1+ Kd6 39. Rc1 Rxg3+ 40. Kxc2 Rg4 41. Rf1 Ke6 42. Kd3 Rxh4 43. Rg1 Kf5 44. Kd4 b6 45. Rg5+ Kxf4 46. Rg1 Kf5+ 47. Ke3 g5 48. Rc1 Rc4 49. Rf1+ Rf4 50. Rc1 c5 51. Rd1 Re4+ 52. Kf3 Rd4 53. Re1 Rd3+ 54. Ke2 Rb3 55. Rf1+ Ke4 56. Rf7 Rxb2+ 57. Ke1 Rb3 58. Rxg7 Kf4 59. Rf7+ Kg4 60. Ra7 b4 61. a4 Ra3 62. Ra6 Kh4 63. Kf2 g4 64. Ra8 Ra2+ 65. Ke3 b3 66. Kd3 g3 67. Kc3 b2 68. Kc2 g2 69. Rh8+ Kg3 70. Rg8+ Kf2 71. Rf8+ Kg1 72. Ra8 Kf2 73. Rf8+ Ke3 74. Re8+ Kd4 75. Rd8+ Kc4 76. Rg8 b1Q+ 77. Kxb1 Rf2 0-1

[Event "Riga Tech Rapid op"]
[Site "Riga"]
[Date "2022.08.14"]
[Round "3"]
[White "Loy, Konstantin"]
[Black "Povshednyi, Ivan"]
[Result "1-0"]
[WhiteElo "2268"]
[BlackElo "2083"]
[PlyCount "39"]
[EventDate "2022.08.14"]
[EventType "swiss (rapid)"]
[EventRounds "9"]
[EventCountry "LAT"]
[SourceTitle "CBM 209 Extra"]
[Source "ChessBase"]
[SourceDate "2022.09.30"]
[SourceVersion "1"]
[SourceVersionDate "2022.09.30"]
[SourceQuality "1"]

1. e4 c5 2. Nf3 d6 3. d4 cxd4 4. Qxd4 Nc6 5. Bb5 Bd7 6. Bxc6 Bxc6 7. Nc3 Nf6 8. Bg5 e6 9. 0-0-0 Be7 10. Rhe1 0-0 11. e5 dxe5 12. Qh4 Qb6 13. Nxe5 h6 14. Be3 Qa5 15. Bxh6 gxh6 16. Qxh6 Nh7 17. f4 Rad8 18. Rxd8 Rxd8 19. Nxf7 Rf8 20. Qg6# 1-0

[Event "Titled Tuesday intern op 22nd Feb Early"]
[Site "Chess.com INT"]
[Date "2022.02.22"]
[Round "6"]
[White "Loy, Konstantin"]
[Black "Maevsky, Nikolay"]
[Result "1-0"]
[WhiteElo "2268"]
[BlackElo "2337"]
[PlyCount "99"]
[EventDate "2022.02.22"]
[EventType "swiss (blitz)"]
[EventRounds "11"]
[EventCountry "USA"]
[SourceTitle "CBM 207 Extra"]
[Source "ChessBase"]
[SourceDate "2022.05.31"]
[SourceVersion "1"]
[SourceVersionDate "2022.05.31"]
[SourceQuality "1"]

1. e4 c6 2. d4 d5 3. exd5 cxd5 4. c4 Nf6 5. Nc3 Nc6 6. Bg5 Be6 7. Nf3 Ne4 8. Be2 Nxc3 9. bxc3 dxc4 10. Qa4 Qa5 11. Qc2 f6 12. Bf4 Bd5 13. Rb1 b5 14. 0-0 e6 15. a4 bxa4 16. Qa2 Rc8 17. Bxc4 Be7 18. Rb5 Bxc4 19. Qxc4 Qd8 20. Qxe6 Qd7 21. Qa2 a3 22. Rfb1 Qg4 23. Bg3 h5 24. h4 Qd7 25. Rb7 Qf5 26. Re1 Kf8 27. Rbxe7 Nxe7 28. Qxa3 Re8 29. Bd6 Kf7 30. Rxe7+ Rxe7 31. Bxe7 Re8 32. Bc5 Qd7 33. Qxa7 Qxa7 34. Bxa7 Ra8 35. Bc5 Ra1+ 36. Kh2 Rc1 37. Bb4 Ke6 38. Kg3 Kf5 39. d5 g5 40. d6 g4 41. Nd4+ Kg6 42. d7 f5 43. d8Q f4+ 44. Kxf4 Rxc3 45. Qg5+ Kf7 46. Bxc3 g3 47. Qf5+ Kg7 48. Ne6+ Kh6 49. Qg5+ Kh7 50. Qg7# 1-0

[Event "Titled Tuesday intern op 22nd Feb Early"]
[Site "Chess.com INT"]
[Date "2022.02.22"]
[Round "5"]
[White "Magallanes, Rey Jomar"]
[Black "Loy, Konstantin"]
[Result "0-1"]
[WhiteElo "2049"]
[BlackElo "2268"]
[PlyCount "62"]
[EventDate "2022.02.22"]
[EventType "swiss (blitz)"]
[EventRounds "11"]
[EventCountry "USA"]
[SourceTitle "CBM 207 Extra"]
[Source "ChessBase"]
[SourceDate "2022.05.31"]
[SourceVersion "1"]
[SourceVersionDate "2022.05.31"]
[SourceQuality "1"]

1. e4 c5 2. Nf3 d6 3. d4 cxd4 4. Nxd4 Nf6 5. Nc3 g6 6. Be3 Bg7 7. Bc4 0-0 8. h3 Nc6 9. 0-0 Nxe4 10. Nxe4 d5 11. Bb5 Nxd4 12. Bxd4 dxe4 13. Bxg7 Qxd1 14. Raxd1 Kxg7 15. c3 Be6 16. b3 Rfd8 17. Be2 Kf6 18. f3 Rxd1 19. Bxd1 e3 20. Re1 Rd8 21. Bc2 Rd2 22. Be4 b6 23. Rxe3 Rxa2 24. c4 Ra3 25. Bc6 Bxc4 26. Ba4 b5 27. Kf2 bxa4 28. bxc4 Rxe3 29. Kxe3 a3 30. Kd2 a2 31. Kc2 a1Q 0-1

[Event "Titled Tuesday intern op 15th Feb Early"]
[Site "Chess.com INT"]
[Date "2022.02.15"]
[Round "4"]
[White "Loy, Konstantin"]
[Black "Kejzar, Petra"]
[Result "1-0"]
[WhiteElo "2268"]
[BlackElo "2031"]
[PlyCount "52"]
[EventDate "2022.02.15"]
[EventType "swiss (blitz)"]
[EventRounds "11"]
[EventCountry "USA"]
[SourceTitle "CBM 206 Extra"]
[Source "ChessBase"]
[SourceDate "2022.03.31"]
[SourceVersion "1"]
[SourceVersionDate "2022.03.31"]
[SourceQuality "1"]

1. e4 c5 2. Nf3 e6 3. d3 Nc6 4. g3 d6 5. Bg2 Nf6 6. 0-0 Be7 7. Re1 0-0 8. c3 Rb8 9. d4 cxd4 10. cxd4 d5 11. e5 Ne4 12. Nbd2 f5 13. exf6 Nxf6 14. Nb3 Na5 15. Bf4 Bd6 16. Bxd6 Nxb3 17. Bxb8 Nxa1 18. Qxa1 Ne4 19. Bf4 g5 20. Be3 Qf6 21. Re2 h5 22. Ne5 g4 23. Bxe4 dxe4 24. Qb1 b6 25. Qxe4 Ba6 26. Rc2 Qf4 1-0

[Event "Titled Tuesday intern op 15th Feb Early"]
[Site "Chess.com INT"]
[Date "2022.02.15"]
[Round "6"]
[White "Loy, Konstantin"]
[Black "Riehle, Marco"]
[Result "0-1"]
[WhiteElo "2268"]
[BlackElo "2341"]
[PlyCount "106"]
[EventDate "2022.02.15"]
[EventType "swiss (blitz)"]
[EventRounds "11"]
[EventCountry "USA"]
[SourceTitle "CBM 206 Extra"]
[Source "ChessBase"]
[SourceDate "2022.03.31"]
[SourceVersion "1"]
[SourceVersionDate "2022.03.31"]
[SourceQuality "1"]

1. e4 e5 2. Nf3 Nf6 3. Nxe5 Nc6 4. Nf3 Nxe4 5. d4 d5 6. Bd3 Bd6 7. 0-0 0-0 8. c4 Re8 9. Nc3 Nxc3 10. bxc3 dxc4 11. Bxc4 Bg4 12. Rb1 Qf6 13. Be2 b6 14. h3 Bh5 15. Be3 Rad8 16. Bb5 Bf8 17. Re1 h6 18. Be2 Na5 19. Rb5 c5 20. Qc1 Bxf3 21. Bxf3 cxd4 22. Bxd4 Qg6 23. Rxe8 Rxe8 24. Re5 Rxe5 25. Bxe5 Bd6 26. Qf4 Qb1+ 27. Kh2 g5 28. Qf6 Bxe5+ 29. Qxe5 Qxa2 30. Bd5 Qa3 31. Qe8+ Qf8 32. Bxf7+ Kg7 33. Qxf8+ Kxf8 34. Ba2 Ke7 35. Kg3 Kf6 36. f4 Nc6 37. fxg5+ hxg5 38. Kf3 Kf5 39. g3 Ne5+ 40. Ke3 a5 41. h4 g4 42. Kd4 Nf3+ 43. Kc4 Nd2+ 44. Kb5 Ne4 45. Kxb6 Nxg3 46. Kxa5 Ne4 47. Bd5 Kf4 48. h5 g3 49. h6 g2 50. Bxe4 g1Q 51. h7 Qa7+ 52. Kb4 Qb8+ 53. Kc4 Kxe4 0-1

[Event "Titled Tuesday intern op 25th Jan"]
[Site "Chess.com INT"]
[Date "2022.01.25"]
[Round "5"]
[White "Loy, Konstantin"]
[Black "Gelman, Alexander"]
[Result "0-1"]
[WhiteElo "2268"]
[BlackElo "2403"]
[PlyCount "82"]
[EventDate "2022.01.25"]
[EventType "swiss (blitz)"]
[EventRounds "11"]
[EventCountry "USA"]
[SourceTitle "CBM 206 Extra"]
[Source "ChessBase"]
[SourceDate "2022.03.31"]
[SourceVersion "1"]
[SourceVersionDate "2022.03.31"]
[SourceQuality "1"]

1. e4 c5 2. Nf3 e6 3. d3 Nc6 4. g3 d5 5. Nbd2 Nf6 6. Bg2 Be7 7. 0-0 0-0 8. Re1 Re8 9. e5 Nd7 10. Nf1 b5 11. h4 b4 12. h5 h6 13. Bf4 a5 14. Qd2 a4 15. g4 a3 16. b3 f6 17. exf6 Bxf6 18. g5 Bxa1 19. Rxa1 e5 20. Bg3 hxg5 21. Nxg5 Nf6 22. Re1 Ra7 23. Nh2 Bf5 24. Nhf3 Rae7 25. Nh4 Nd4 26. Ng6 Bxg6 27. hxg6 Qd7 28. Nf7 Qf5 29. Qd1 Qxg6 30. Nd6 Rd8 31. Bxe5 Rxe5 32. Rxe5 Rxd6 33. Kf1 Re6 34. Rxe6 Nxe6 35. Qf3 Qg5 36. Bh3 Nd4 37. Qg3 Qxg3 38. fxg3 Nxc2 39. Ke2 Nd4+ 40. Ke3 Nxb3 41. axb3 a2 0-1

[Event "Titled Tuesday intern op 25th Jan"]
[Site "Chess.com INT"]
[Date "2022.01.25"]
[Round "4"]
[White "Loy, Konstantin"]
[Black "Kretov, Evgenij"]
[Result "0-1"]
[WhiteElo "2268"]
[BlackElo "2274"]
[PlyCount "98"]
[EventDate "2022.01.25"]
[EventType "swiss (blitz)"]
[EventRounds "11"]
[EventCountry "USA"]
[SourceTitle "CBM 206 Extra"]
[Source "ChessBase"]
[SourceDate "2022.03.31"]
[SourceVersion "1"]
[SourceVersionDate "2022.03.31"]
[SourceQuality "1"]

1. e4 c5 2. Nf3 Nc6 3. Nc3 g6 4. d4 cxd4 5. Nxd4 Bg7 6. Be3 Nf6 7. Bc4 0-0 8. Bb3 d6 9. f3 Bd7 10. h4 Nxd4 11. Bxd4 b5 12. h5 a5 13. hxg6 hxg6 14. Nd5 a4 15. Nxf6+ exf6 16. Bd5 Rc8 17. Qd2 Qc7 18. 0-0-0 b4 19. Kb1 Be6 20. Bxe6 fxe6 21. Be3 Rfd8 22. Bh6 Bh8 23. Bf4 e5 24. Be3 Bg7 25. g4 b3 26. axb3 axb3 27. cxb3 Rb8 28. Qh2 Kf7 29. Rd3 Rh8 30. Qg2 Qc6 31. Rhd1 Rhd8 32. Qd2 Bf8 33. Bh6 Be7 34. Be3 Qb5 35. Qc2 Rdc8 36. Rc3 Qa6 37. Rc1 Ra8 38. Qd3 Qa2+ 39. Kc2 Rxc3+ 40. Qxc3 Kg7 41. Rd1 Qa6 42. Kb1 Qe2 43. Rd2 Qxf3 44. Qc7 Qxe4+ 45. Rc2 Kf7 46. Bh6 Qxg4 47. Bd2 Qd1+ 48. Bc1 Qd5 49. Qc3 Qe4 0-1

[Event "Titled Tuesday intern op 25th Jan"]
[Site "Chess.com INT"]
[Date "2022.01.25"]
[Round "8"]
[White "Loy, Konstantin"]
[Black "Osmonbekov, Talaibek D"]
[Result "1-0"]
[WhiteElo "2268"]
[BlackElo "2136"]
[PlyCount "45"]
[EventDate "2022.01.25"]
[EventType "swiss (blitz)"]
[EventRounds "11"]
[EventCountry "USA"]
[SourceTitle "CBM 206 Extra"]
[Source "ChessBase"]
[SourceDate "2022.03.31"]
[SourceVersion "1"]
[SourceVersionDate "2022.03.31"]
[SourceQuality "1"]

1. e4 c5 2. Nf3 d6 3. d4 cxd4 4. Qxd4 Nf6 5. e5 Nc6 6. Bb5 Qa5+ 7. Nc3 dxe5 8. Qxe5 Nd7 9. Qe2 e6 10. Bd2 Bb4 11. 0-0 0-0 12. a3 Bxc3 13. Bxc3 Qc7 14. Bd3 h6 15. Qe4 g6 16. Qh4 Nde5 17. Nxe5 Nxe5 18. Qxh6 f5 19. Rfe1 Nxd3 20. Qh8+ Kf7 21. Qg7+ Ke8 22. Qxc7 Nxe1 23. Rxe1 1-0

[Event "Titled Tuesday intern op 25th Jan"]
[Site "Chess.com INT"]
[Date "2022.01.25"]
[Round "3"]
[White "Stoleriu, George"]
[Black "Loy, Konstantin"]
[Result "0-1"]
[WhiteElo "2419"]
[BlackElo "2268"]
[PlyCount "56"]
[EventDate "2022.01.25"]
[EventType "swiss (blitz)"]
[EventRounds "11"]
[EventCountry "USA"]
[SourceTitle "CBM 206 Extra"]
[Source "ChessBase"]
[SourceDate "2022.03.31"]
[SourceVersion "1"]
[SourceVersionDate "2022.03.31"]
[SourceQuality "1"]

1. e4 c5 2. Nf3 d6 3. Bb5+ Nd7 4. d4 cxd4 5. Qxd4 e5 6. Qd3 h6 7. 0-0 Ngf6 8. c4 Be7 9. Nc3 0-0 10. Bxd7 Bxd7 11. Rd1 a6 12. Ne1 b5 13. Nc2 bxc4 14. Qxc4 Qc8 15. Qd3 Bc6 16. Ne3 Qb7 17. f3 Rfd8 18. Ned5 Nxd5 19. Nxd5 Bxd5 20. Qxd5 Qxd5 21. Rxd5 f6 22. Bd2 Kf7 23. Rc1 Rdc8 24. Rxc8 Rxc8 25. Bc3 Ke6 26. Ra5 Rc6 27. Kf2 Bd8 28. Ke2 Bxa5 0-1

[Event "Titled Tuesday intern op 25th Jan"]
[Site "Chess.com INT"]
[Date "2022.01.25"]
[Round "11"]
[White "Wahedi, Ahmad Siar"]
[Black "Loy, Konstantin"]
[Result "1-0"]
[WhiteElo "2284"]
[BlackElo "2268"]
[PlyCount "73"]
[EventDate "2022.01.25"]
[EventType "swiss (blitz)"]
[EventRounds "11"]
[EventCountry "USA"]
[SourceTitle "CBM 206 Extra"]
[Source "ChessBase"]
[SourceDate "2022.03.31"]
[SourceVersion "1"]
[SourceVersionDate "2022.03.31"]
[SourceQuality "1"]

1. c4 c5 2. Nc3 Nc6 3. g3 g6 4. Bg2 Bg7 5. e4 Nf6 6. d3 0-0 7. Nge2 Ne8 8. Be3 d6 9. d4 cxd4 10. Nxd4 Nc7 11. 0-0 Bd7 12. h3 Ne6 13. Nde2 Rc8 14. Rc1 Re8 15. Qd2 Qa5 16. Rfd1 Nc5 17. b3 Ne5 18. Kh2 a6 19. Rb1 Qd8 20. f4 Bxh3 21. Kxh3 Qd7+ 22. Kh2 Ng4+ 23. Kh1 Nxe3 24. Qxe3 Qg4 25. Qf3 Qd7 26. Kh2 Qc7 27. Nd5 Qd8 28. e5 b5 29. Nec3 bxc4 30. bxc4 Ne6 31. Ne4 Rxc4 32. exd6 exd6 33. Rb7 Nxf4 34. Qxf4 f5 35. Ndf6+ Bxf6 36. Rxd6 Qc8 37. Rdd7 1-0

[Event "Titled Tuesday intern op 11th Jan"]
[Site "Chess.com INT"]
[Date "2022.01.11"]
[Round "8"]
[White "Loy, Konstantin"]
[Black "Petrovskiy, Vadim"]
[Result "0-1"]
[WhiteElo "2268"]
[BlackElo "2341"]
[PlyCount "68"]
[EventDate "2022.01.11"]
[EventType "swiss (blitz)"]
[EventRounds "11"]
[EventCountry "USA"]
[SourceTitle "CBM 206 Extra"]
[Source "ChessBase"]
[SourceDate "2022.03.31"]
[SourceVersion "1"]
[SourceVersionDate "2022.03.31"]
[SourceQuality "1"]

1. e4 c5 2. Nf3 d6 3. d4 cxd4 4. Qxd4 a6 5. c4 Nc6 6. Qd3 Nf6 7. Nc3 g6 8. h3 Bg7 9. Be2 0-0 10. 0-0 Be6 11. Be3 Rc8 12. Rac1 Nb4 13. Qb1 Bxc4 14. Bxc4 Rxc4 15. a3 Nc6 16. Nd2 Rxc3 17. Rxc3 d5 18. Rcc1 d4 19. Bg5 Nd7 20. Nf3 h6 21. Bd2 e5 22. Rfd1 f5 23. Re1 Qe7 24. exf5 gxf5 25. Rxc6 bxc6 26. Nxd4 Qf6 27. Qa2+ Kh7 28. Nf3 e4 29. Bc3 Qe7 30. Bxg7 Qxg7 31. Nh2 Ne5 32. Qe6 Nd3 33. Re3 Nf4 34. Rg3 Nxe6 0-1

[Event "Titled Tuesday intern op 11th Jan"]
[Site "Chess.com INT"]
[Date "2022.01.11"]
[Round "7"]
[White "Nazaretyan, Tigran"]
[Black "Loy, Konstantin"]
[Result "1/2-1/2"]
[WhiteElo "2316"]
[BlackElo "2268"]
[PlyCount "131"]
[EventDate "2022.01.11"]
[EventType "swiss (blitz)"]
[EventRounds "11"]
[EventCountry "USA"]
[SourceTitle "CBM 206 Extra"]
[Source "ChessBase"]
[SourceDate "2022.03.31"]
[SourceVersion "1"]
[SourceVersionDate "2022.03.31"]
[SourceQuality "1"]

1. d4 Nf6 2. c4 c5 3. d5 b5 4. cxb5 a6 5. bxa6 g6 6. Nc3 Bg7 7. a7 Rxa7 8. e4 d6 9. Nf3 Qa5 10. Bb5+ Bd7 11. Bxd7+ Nbxd7 12. 0-0 0-0 13. Qe2 Qa6 14. Qc2 Rb8 15. a4 Ng4 16. Ra3 Nge5 17. Nxe5 Nxe5 18. Nb5 Rab7 19. f4 Nd7 20. f5 Ne5 21. Bg5 h6 22. Bxe7 Rxe7 23. f6 Bxf6 24. Rxf6 Rb6 25. h3 Kg7 26. Rf2 Qa5 27. Qc3 Qxc3 28. bxc3 Nc4 29. Raa2 Rxe4 30. Rae2 Rxe2 31. Rxe2 Ra6 32. Ra2 Ra5 33. Kf2 Kf6 34. Ke2 Ke7 35. Kd3 Nb6 36. Re2+ Kd7 37. Rf2 f5 38. g4 Rxa4 39. gxf5 gxf5 40. Rxf5 Rh4 41. Rf7+ Kd8 42. Nxd6 Nxd5 43. Rh7 Nf6 44. Rh8+ Kd7 45. Nb7 Rxh3+ 46. Kc4 Ne4 47. Rh7+ Ke6 48. Nxc5+ Nxc5 49. Kxc5 Rxc3+ 50. Kd4 Rh3 51. Ke4 Kf6 52. Kf4 Kg6 53. Ra7 Rb3 54. Kg4 Rb4+ 55. Kh3 Rb5 56. Ra6+ Kg5 57. Ra3 h5 58. Rg3+ Kh6 59. Rf3 Rd5 60. Re3 Rd6 61. Rc3 Kg6 62. Rg3+ Kh6 63. Rf3 Kg6 64. Rg3+ Kh6 65. Rf3 Kg6 66. Rg3+ 1/2-1/2

[Event "Titled Tuesday intern op 28th Dec"]
[Site "Chess.com INT"]
[Date "2021.12.28"]
[Round "10"]
[White "Ianov, Viktor"]
[Black "Loy, Konstantin"]
[Result "1-0"]
[WhiteElo "2279"]
[BlackElo "2268"]
[PlyCount "79"]
[EventDate "2021.12.28"]
[EventType "swiss (blitz)"]
[EventRounds "11"]
[EventCountry "USA"]
[SourceTitle "CBM 206 Extra"]
[Source "ChessBase"]
[SourceDate "2022.03.31"]
[SourceVersion "1"]
[SourceVersionDate "2022.03.31"]
[SourceQuality "1"]

1. Nf3 c5 2. g3 Nf6 3. Bg2 g6 4. b3 Bg7 5. Bb2 0-0 6. 0-0 d6 7. c4 e5 8. Nc3 Nc6 9. d3 Ne8 10. Qd2 Nc7 11. e3 h6 12. Rfd1 Bg4 13. h3 Be6 14. Na4 Qd7 15. Kh2 f5 16. Rac1 b6 17. d4 e4 18. Ne1 cxd4 19. exd4 d5 20. Ba1 g5 21. Nc2 f4 22. cxd5 Bxd5 23. Nc3 f3 24. Bf1 Ne6 25. Nxd5 Qxd5 26. Ne3 Qd7 27. d5 Rad8 28. Qe1 Nf4 29. dxc6 Qc7 30. Bxg7 Kxg7 31. Qc3+ Kh7 32. Rxd8 Rxd8 33. Rd1 Rxd1 34. Nxd1 Nd5 35. Qc4 Nf6 36. Qe6 Kg7 37. Ne3 Kg6 38. Bc4 h5 39. Qf5+ Kg7 40. Qxg5+ 1-0

[Event "Titled Tuesday intern op 21st Dec"]
[Site "Chess.com INT"]
[Date "2021.12.21"]
[Round "1"]
[White "Faizrakhmanov, Ramil"]
[Black "Loy, Konstantin"]
[Result "0-1"]
[WhiteElo "2480"]
[BlackElo "2268"]
[PlyCount "118"]
[EventDate "2021.12.21"]
[EventType "swiss (blitz)"]
[EventRounds "11"]
[EventCountry "USA"]
[SourceTitle "CBM 205 Extra"]
[Source "ChessBase"]
[SourceDate "2022.01.31"]
[SourceVersion "1"]
[SourceVersionDate "2022.01.31"]
[SourceQuality "1"]

1. e4 c5 2. Nf3 d6 3. d4 cxd4 4. Nxd4 Nf6 5. Nc3 g6 6. Be3 Bg7 7. f3 0-0 8. Bc4 Nc6 9. Qd2 Bd7 10. 0-0-0 Ne5 11. Bb3 Qa5 12. Kb1 Rfc8 13. h4 Nc4 14. Bxc4 Rxc4 15. h5 Rxc3 16. Qxc3 Qxc3 17. bxc3 Nxh5 18. g4 Nf6 19. Nb3 Bb5 20. Rd2 b6 21. Bd4 Rc8 22. Rdh2 h5 23. Bxf6 Bxf6 24. gxh5 Rxc3 25. hxg6 fxg6 26. Rg2 Rxf3 27. Rxg6+ Kf7 28. Rgg1 Bc6 29. Re1 Rf4 30. Nd2 Bc3 31. Kc1 Rf2 32. Ref1 Bxd2+ 33. Kd1 Be3 34. Rxf2+ Bxf2 35. Rf1 Bxe4 36. Rxf2+ Ke6 37. Rf8 Kd7 38. Kd2 Bd5 39. a3 a5 40. c3 e5 41. Ke3 Kc7 42. Re8 Kc6 43. Rb8 Be6 44. Ke4 Bd5+ 45. Kf5 Bc4 46. Kf6 b5 47. Ra8 a4 48. Kf5 Kd5 49. Rd8 Bd3+ 50. Kf6 e4 51. Kf5 e3+ 52. Kf4 e2 53. Re8 Kc4 54. Kf3 Kxc3 55. Kf2 Kb3 56. Rd8 Bc4 57. Rxd6 Kxa3 58. Ke1 Kb2 59. Kd2 a3 0-1